1701 1588 1815 1060 1477 1208 1397 1812 1045 1723 1790 1111 1608 1269 1489 1759 1947 1799 1495 1627 1003 1167 1125 1510 1234 1452 1191 1659 1839 1148 1785 1517 1254 1492 1175 1721 1955 1580 1867 1251 1323 1124 1267 1314 1711 1434 1369 1226 1267 1372 1838 1622 1981 1874 1291 1949 1829 1129 1856 1202 1905 1061 1589 1897 1006 1298 1361 1638 1121 1189 1636 1027 1210 1561 1600 1633 1401 1778 1984 1845 1944 1835 1063 1647 1983 1598 1976 1083 1782 1252 1408 1886 1581 1798 1339 1553 1787 1587 1860 BCNSPRNW ULIB Ver.6.0+V

เปลี่ยนเป็นภาษาไทย

Change to English
 แสดงรายละเอียดบรรณานุกรม
  กลับหน้าหลัก

Brief Record : Get Marc (ISO 2709) : E-mail record : QR code < ปิดหน้าต่าง
LEADER : 00000nam 2200000uu 4500
001    13399114822
003     ULIB
008    120523s2010||||th 000 0 eng d
020    ^a0443069352 (paperback) ^c^79.95
020    ^a9780443069352 (paperback)
060    ^aWB200^bC579P
100 1  ^a(UK), Leon Chaitow ND DO.
245 10 ^aPalpation and assessment skills : ^bassessment through touch, 3e / ^cLeon Chaitow ND DO (UK)
250    ^a3rd ed.
260    ^a[S.l.] : ^bChurchill Livingstone, ^c2010.
300    ^a344 p. ; ^c28 cm.
490 1  ^aChaitow, palpation and assessment skills.
520    ^aPalpation and Assessment Skills has been designed and developed to help the student and practitioner to understand and acquire the palpatory skills that are the foundation of all effective manual therapy assessments and treatments. Subtlety and sensitivity of touch, and the accurate interpretation of palpation findings and tests, are essential aspects of all manual therapy professions. While it is difficult to learn these from written descriptions or static illustrations alone, by combining a workbook approach with the use of video demonstrations and audio explanations on a DVD, Palpation and Assessment Skills provides the student and developing practitioner with a portable workshop, that they can access at any time.
650  4 ^a Palpatory
650  4 ^a Palpating and assessing the skin
830  0 ^a Chaitow, palpation and assessment skills.
945    ^p0^l0^i031813
995    ^aKesorn
999 ^a ใช้งานได้ทุกระบบ
รายการนี้ยังไม่มีแท็ก
คุณยังไม่ได้ล็อกอิน คุณสามารถมีกิจกรรมร่วมกับเว็บไซต์ได้ แต่ต้องล็อกอินก่อน ::
  ล็อกอิน

รายการสื่อสารสนเทศ

ลำดับที่ ประเภท เลขเรียก/บาร์โค้ด สถานที่ สถานะ
- ไม่พบข้อมูล -

BibComment


ยังไม่เคยถูกคอมเมนท์

คอมเมนท์ทรัพยากรรายการนี้
  คอมเมนท์: Palpation and as..


 Copyright 2026. Bcnsprnw @Library